[Event "DVM U10 2015"]
[Site "Magdeburg GER"]
[Date "2015.12.28"]
[Round "5"]
[White "Lerchl, Clemens"]
[Black "I., Natascha"]
[Result "1-0"]
[Termination "normal"]
[Board "11.4"]
[WhiteElo "963"]
[BlackElo "756"]
[WhiteTeam "SC Vaterstetten"]
[BlackTeam "Hannover 96"]
[PlyCount "73"]
[WhiteFideId "16226372"]
[BlackFideId "16257545"]
[EventCountry "GER"]
[EventRounds "7"]
[EventType "team-swiss"]
[EventDate "2015.12.27"]

1. e4 e6 2. d4 d5 3. exd5 exd5 4. c4 Nf6 5. Nc3 Nc6 6. Nf3 Bg4 7. Bg5 h6 8. Bh4
g5 9. Bg3 Bb4 10. Qb3 Qe7+ 11. Be2 O-O-O 12. O-O Rhe8 13. Rfe1 Qd7 14. h3 Bxf3
15. Bxf3 Na5 16. Qxb4 Nxc4 17. b3 Nb6 18. Be5 Nh7 19. Bg4 f5 20. Bh5 Rf8 21. g4
f4 22. Bg6 Rg8 23. Bf5 Qxf5 24. gxf5 g4 25. hxg4 Rxg4+ 26. Kf1 h5 27. Qc5 c6
28. Qe7 Rd7 29. Qe6 h4 30. Qh6 Ng5 31. Qh5 Nf3 32. Qxg4 Nxe1 33. Rxe1 Rh7 34.
Qg8+ Kd7 35. Qxh7+ Kd8 36. Qc7+ Ke8 37. Bg7# 1-0

[Event "DVM U10 2015"]
[Site "Magdeburg GER"]
[Date "2015.12.28"]
[Round "5"]
[White "Nitsche, Nikolai"]
[Black "Holz, Leonard"]
[Result "1-0"]
[Termination "normal"]
[Board "12.1"]
[WhiteElo "1227"]
[BlackElo "1211"]
[WhiteTeam "SV Empor Berlin"]
[BlackTeam "SK Werther 1949"]
[PlyCount "123"]
[WhiteFideId "16221036"]
[EventCountry "GER"]
[EventRounds "7"]
[EventType "team-swiss"]
[EventDate "2015.12.27"]

1. d4 d5 2. Bf4 Nf6 3. Nf3 Bg4 4. e3 Nbd7 5. Be2 e6 6. Nbd2 c5 7. c3 Qb6 8. Qb3
Qxb3 9. Nxb3 b6 10. h3 Bh5 11. O-O Ne4 12. Rfe1 c4 13. Nbd2 Bxf3 14. Nxf3 h6
15. Bd1 g5 16. Bh2 h5 17. Bc2 Nd6 18. Nxg5 Bh6 19. Nxe6 fxe6 20. Bxd6 O-O-O 21.
Bg6 Nf6 22. Be5 Bg7 23. b3 Rd7 24. bxc4 dxc4 25. Bc2 Nd5 26. Ba4 Rf7 27. Bxg7
Rxg7 28. Bb5 Rhg8 29. g3 h4 30. g4 Nxc3 31. Bxc4 Kd7 32. Rac1 Nd5 33. Rc2 Nb4
34. Rc3 Rf8 35. Rec1 Rgf7 36. f4 a6 37. Bb3 Kd6 38. a3 Nd5 39. Rc6+ Kd7 40.
Bxd5 exd5 41. Rxb6 Re7 42. Rb7+ Ke8 43. Rxe7+ Kxe7 44. Rc6 Rb8 45. Rxa6 Rb2 46.
Rh6 Re2 47. Rxh4 Rxe3 48. f5 Rf3 49. a4 Ra3 50. Kf2 Rxa4 51. Ke3 Ra5 52. Kf4
Ra4 53. Ke5 Ra5 54. g5 Ra6 55. f6+ Kf7 56. Rh7+ Kg6 57. Rg7+ Kh5 58. f7 Kh4 59.
f8=Q Kxh3 60. Qf3+ Kh4 61. Rh7+ Kxg5 62. Qf5# 1-0

[Event "DVM U10 2015"]
[Site "Magdeburg GER"]
[Date "2015.12.28"]
[Round "5"]
[White "Drees, Leon"]
[Black "Eulenstein, Conrad"]
[Result "0-1"]
[Termination "normal"]
[Board "12.2"]
[WhiteElo "1072"]
[BlackElo "1061"]
[WhiteTeam "SK Werther 1949"]
[BlackTeam "SV Empor Berlin"]
[PlyCount "92"]
[WhiteFideId "16299523"]
[EventCountry "GER"]
[EventRounds "7"]
[EventType "team-swiss"]
[EventDate "2015.12.27"]

1. e4 e5 2. f4 d6 3. Nf3 f6 4. Bc4 Nc6 5. O-O Bg4 6. c3 Nge7 7. d3 Qd7 8. h3
Be6 9. Bxe6 Qxe6 10. f5 Qf7 11. Be3 O-O-O 12. Qa4 Kb8 13. Na3 a6 14. Nc4 d5 15.
Na5 dxe4 16. dxe4 g6 17. fxg6 Qxg6 18. Rfd1 Bh6 19. Rxd8+ Rxd8 20. Bxh6 Qxh6
21. Nxc6+ Nxc6 22. Rd1 Rxd1+ 23. Qxd1 Qe3+ 24. Kh2 Qxe4 25. Qd7 Qc2 26. Qf7
Qxb2 27. Qxf6 Qxc3 28. Qh8+ Ka7 29. Qxh7 Kb6 30. Qg7 Qe3 31. Qg6 Qf4+ 32. Kg1
e4 33. Nd4 Qe3+ 34. Kh2 Qxd4 35. g4 Qf2+ 36. Kh1 e3 37. Qb1+ Ka7 38. Qg1 Qf3+
39. Kh2 Kb8 40. Qg3 Nd4 41. Qh4 e2 42. Qd8+ Ka7 43. Qxd4+ b6 44. Qd7 Qf4+ 45.
Kg2 e1=Q 46. Qd3 Qff2# 0-1

[Event "DVM U10 2015"]
[Site "Magdeburg GER"]
[Date "2015.12.28"]
[Round "5"]
[White "Kriuckova, Sonia"]
[Black "Deniz, Kevin"]
[Result "1-0"]
[Termination "normal"]
[Board "12.3"]
[WhiteElo "1208"]
[BlackElo "1050"]
[WhiteTeam "SV Empor Berlin"]
[BlackTeam "SK Werther 1949"]
[PlyCount "47"]
[WhiteFideId "16204310"]
[BlackFideId "34620346"]
[EventCountry "GER"]
[EventRounds "7"]
[EventType "team-swiss"]
[EventDate "2015.12.27"]

1. e4 e6 2. d4 d5 3. Nc3 Nf6 4. Bd3 Bb4 5. Bg5 Be7 6. Nf3 O-O 7. O-O Nc6 8. e5
Nd7 9. Be3 Nb4 10. a3 Nxd3 11. Qxd3 c5 12. dxc5 Bxc5 13. b4 Bxe3 14. fxe3 Qc7
15. Nb5 Qd8 16. Nd6 Qc7 17. Ng5 f5 18. exf6 g6 19. f7+ Kg7 20. Nxe6+ Kh6 21.
Nxc7 Rb8 22. Qxd5 Nb6 23. Qd4 Be6 24. Nxe6 1-0

[Event "DVM U10 2015"]
[Site "Magdeburg GER"]
[Date "2015.12.28"]
[Round "5"]
[White "Fiebig, Kai"]
[Black "Müller, Luca"]
[Result "0-1"]
[Termination "normal"]
[Board "12.4"]
[WhiteElo "1005"]
[BlackElo "848"]
[WhiteTeam "SK Werther 1949"]
[BlackTeam "SV Empor Berlin"]
[PlyCount "60"]
[BlackFideId "16236130"]
[EventCountry "GER"]
[EventRounds "7"]
[EventType "team-swiss"]
[EventDate "2015.12.27"]

1. e4 e5 2. Nf3 Nc6 3. d4 exd4 4. Nxd4 Bc5 5. Nxc6 bxc6 6. Bc4 Nf6 7. Bg5 h6 8.
Bxf6 Qxf6 9. O-O d6 10. Nd2 O-O 11. Nf3 Qg6 12. Bd3 Bh3 13. Nh4 Qg5 14. g3 Bxf1
15. Nf3 Qg4 16. Bxf1 Rfe8 17. Be2 Rxe4 18. Kf1 Rae8 19. Bd3 R4e7 20. Kg2 Bd4
21. h3 Qh5 22. c3 Bf6 23. Bb1 Re1 24. Qc2 R1e6 25. Nd4 Bxd4 26. cxd4 Qd5+ 27.
f3 Re2+ 28. Qxe2 Rxe2+ 29. Kg1 Qxf3 30. Bd3 Qg2# 0-1

[Event "DVM U10 2015"]
[Site "Magdeburg GER"]
[Date "2015.12.28"]
[Round "5"]
[White "Diederich, Greta"]
[Black "Hoffmann, Siegfried"]
[Result "0-1"]
[Termination "normal"]
[Board "13.1"]
[WhiteElo "1142"]
[BlackElo "1346"]
[WhiteTeam "SV Breitenworbis"]
[BlackTeam "USC Magdeburg 1"]
[PlyCount "46"]
[WhiteFideId "12988618"]
[BlackFideId "16252268"]
[EventCountry "GER"]
[EventRounds "7"]
[EventType "team-swiss"]
[EventDate "2015.12.27"]

1. Nf3 Nc6 2. d3 e5 3. g3 d5 4. Bg2 Be6 5. O-O h6 6. Nc3 Nf6 7. e4 d4 8. Ne2
Bc5 9. Ne1 Qd7 10. f4 exf4 11. Bxf4 Bg4 12. Qd2 Bb4 13. c3 dxc3 14. bxc3 Bxe2
15. Qxe2 Bxc3 16. Rb1 Bd4+ 17. Kh1 Bb6 18. Nf3 O-O-O 19. Rfd1 Rhe8 20. Qc2 Ng4
21. Rb2 Nf2+ 22. Kg1 Nxd1+ 23. Kf1 Nxb2 0-1

[Event "DVM U10 2015"]
[Site "Magdeburg GER"]
[Date "2015.12.28"]
[Round "5"]
[White "Khanbekyan, Areg"]
[Black "Wehling, Linos"]
[Result "1-0"]
[Termination "normal"]
[Board "13.2"]
[WhiteElo "1154"]
[BlackElo "899"]
[WhiteTeam "USC Magdeburg 1"]
[BlackTeam "SV Breitenworbis"]
[PlyCount "27"]
[WhiteFideId "12993727"]
[EventCountry "GER"]
[EventRounds "7"]
[EventType "team-swiss"]
[EventDate "2015.12.27"]

1. e4 e5 2. Nf3 Nc6 3. d4 exd4 4. Bc4 Be7 5. c3 dxc3 6. Qd5 Nh6 7. Bxh6 O-O 8.
Bxg7 Kxg7 9. Nxc3 d6 10. Qh5 Kg8 11. h4 Qe8 12. Ng5 Bxg5 13. hxg5 Ne7 14. Qxh7#
1-0

[Event "DVM U10 2015"]
[Site "Magdeburg GER"]
[Date "2015.12.28"]
[Round "5"]
[White "Conradi, Bennet"]
[Black "Pikalow, Michael"]
[Result "0-1"]
[Termination "normal"]
[Board "13.3"]
[WhiteElo "863"]
[BlackElo "1185"]
[WhiteTeam "SV Breitenworbis"]
[BlackTeam "USC Magdeburg 1"]
[PlyCount "74"]
[BlackFideId "16227638"]
[EventCountry "GER"]
[EventRounds "7"]
[EventType "team-swiss"]
[EventDate "2015.12.27"]

1. e4 c5 2. Nc3 Nc6 3. g3 Nf6 4. Bg2 g6 5. Nge2 Bg7 6. d3 d6 7. O-O O-O 8. h3
Bd7 9. Be3 Qc8 10. Qd2 Re8 11. Rad1 Bxh3 12. Nf4 Bg4 13. Rde1 a6 14. f3 Bd7 15.
Kf2 b5 16. a3 Qb7 17. Na2 a5 18. b3 b4 19. a4 Rac8 20. Rh1 Qc7 21. Rh2 Nd4 22.
Bxd4 cxd4 23. Rc1 Qb6 24. Ke2 d5 25. c3 dxc3 26. Nxc3 bxc3 27. Rxc3 Nxe4 28.
dxe4 Bxc3 29. Qxd5 Qa6+ 30. Nd3 Red8 31. Qg5 Be6 32. Ke3 Qxd3+ 33. Kf2 Be1+ 34.
Kg1 Bd2 35. Qh6 Rc1+ 36. Kf2 Bxh6 37. Bf1 Qxf1# 0-1

[Event "DVM U10 2015"]
[Site "Magdeburg GER"]
[Date "2015.12.28"]
[Round "5"]
[White "Eilenberg, Jonas"]
[Black "Martsfeld, Jonas"]
[Result "1-0"]
[Termination "normal"]
[Board "14.1"]
[WhiteElo "1494"]
[BlackElo "954"]
[WhiteTeam "Schachpinguine Berlin 1"]
[BlackTeam "SF HN-Biberach 1978"]
[PlyCount "39"]
[WhiteFideId "16204271"]
[BlackFideId "16255640"]
[EventCountry "GER"]
[EventRounds "7"]
[EventType "team-swiss"]
[EventDate "2015.12.27"]

1. d4 d5 2. c4 Nf6 3. cxd5 Nxd5 4. e4 Nf6 5. Nc3 Nc6 6. Nf3 Bg4 7. Be3 e6 8. a3
b5 9. Bxb5 Qd7 10. Qa4 Qe7 11. Bxc6+ Kd8 12. Bxa8 Bxf3 13. gxf3 Nd7 14. Bc6 Nb6
15. Qxa7 Qd6 16. d5 exd5 17. exd5 Nc4 18. Qb8+ Ke7 19. Bg5+ Qf6 20. Qxc7# 1-0

[Event "DVM U10 2015"]
[Site "Magdeburg GER"]
[Date "2015.12.28"]
[Round "5"]
[White "Melzig, Rodrigo"]
[Black "Schenk, Jannik"]
[Result "1-0"]
[Termination "normal"]
[Board "14.2"]
[WhiteElo "984"]
[BlackElo "809"]
[WhiteTeam "SF HN-Biberach 1978"]
[BlackTeam "Schachpinguine Berlin 1"]
[PlyCount "103"]
[WhiteFideId "16252764"]
[BlackFideId "16204344"]
[EventCountry "GER"]
[EventRounds "7"]
[EventType "team-swiss"]
[EventDate "2015.12.27"]

1. e4 d5 2. exd5 Nf6 3. Nc3 c6 4. dxc6 Nxc6 5. Nf3 Bf5 6. d3 e5 7. Bg5 Bb4 8.
a3 Bc5 9. g3 O-O 10. Bg2 h6 11. Bh4 Be7 12. O-O Nd7 13. Bxe7 Qxe7 14. Nd5 Qd6
15. Ne3 Bg4 16. Nxg4 Qe6 17. Ne3 Rad8 18. Qd2 e4 19. dxe4 Nb6 20. Qc3 Qxe4 21.
Rad1 Na4 22. Qb3 Nc5 23. Qc4 Qe7 24. Nd5 Qd6 25. Ne3 Na5 26. Rxd6 Nxc4 27. Nxc4
b5 28. Rxd8 Rxd8 29. b4 Nb7 30. Na5 Nd6 31. Nh4 Nc8 32. Nb7 Rd7 33. Nf3 Rxb7
34. Nd4 Rd7 35. Nxb5 Ne7 36. Bh3 Rb7 37. Re1 Ng6 38. Nd6 Rc7 39. Re8+ Nf8 40.
Bf5 Rc6 41. Ne4 g6 42. Bh3 Rxc2 43. a4 Ra2 44. Nf6+ Kg7 45. Nd7 Nh7 46. Re7 Ng5
47. Kg2 Rxa4 48. f4 Nxh3 49. Kxh3 Rxb4 50. Ne5 a5 51. Rxf7+ Kg8 52. Ra7 1-0

[Event "DVM U10 2015"]
[Site "Magdeburg GER"]
[Date "2015.12.28"]
[Round "5"]
[White "Stowicek, Yara Mathilda"]
[Black "Dornheim, Carl Friedrich"]
[Result "1/2-1/2"]
[Termination "normal"]
[Board "15.1"]
[WhiteElo "1394"]
[BlackElo "985"]
[WhiteTeam "USV Volksbank Halle"]
[BlackTeam "Schachzwerge Magdeburg 2"]
[PlyCount "44"]
[WhiteFideId "16203569"]
[BlackFideId "16252314"]
[EventCountry "GER"]
[EventRounds "7"]
[EventType "team-swiss"]
[EventDate "2015.12.27"]

1. e4 c5 2. d4 e6 3. Nf3 Nc6 4. Be3 g6 5. Nc3 d6 6. Bb5 Bg7 7. dxc5 a6 8. Bxc6+
bxc6 9. Qxd6 Qxd6 10. cxd6 Nf6 11. e5 Nd7 12. Bf4 f6 13. exf6 Nxf6 14. O-O O-O
15. Rad1 Bd7 16. Rfe1 Rad8 17. Rd3 Rfe8 18. h3 Bc8 19. Red1 Rf8 20. a3 Nd5 21.
Nxd5 cxd5 22. b4 Rxf4 1/2-1/2

[Event "DVM U10 2015"]
[Site "Magdeburg GER"]
[Date "2015.12.28"]
[Round "5"]
[White "Stackfleth, Jarno"]
[Black "Schulemann, Gero"]
[Result "1-0"]
[Termination "normal"]
[Board "15.2"]
[WhiteElo "940"]
[BlackElo "1007"]
[WhiteTeam "Schachzwerge Magdeburg 2"]
[BlackTeam "USV Volksbank Halle"]
[PlyCount "131"]
[WhiteFideId "16252144"]
[BlackFideId "16227646"]
[EventCountry "GER"]
[EventRounds "7"]
[EventType "team-swiss"]
[EventDate "2015.12.27"]

1. e4 e5 2. Nf3 Nc6 3. Bc4 Nf6 4. Nc3 Bc5 5. d3 h6 6. O-O d6 7. h3 Be6 8. Bb3
Bxb3 9. axb3 O-O 10. Be3 Bxe3 11. fxe3 Ne7 12. d4 Ng6 13. Re1 b6 14. Qd3 c5 15.
Ne2 d5 16. dxe5 Nxe4 17. Nc3 Nxc3 18. bxc3 Re8 19. Qf5 Qe7 20. Rad1 Rad8 21. c4
dxc4 22. bxc4 Rxd1 23. Rxd1 Nxe5 24. Nxe5 Qxe5 25. Qxe5 Rxe5 26. Rd3 Re8 27.
Kf2 Ra8 28. Ra3 f6 29. Kf3 Kf7 30. g4 Kg6 31. Kf4 h5 32. gxh5+ Kxh5 33. Kg3 f5
34. Ra6 g5 35. c3 f4+ 36. exf4 gxf4+ 37. Kxf4 Kh4 38. Ke5 Kxh3 39. Kd6 Kg4 40.
Kc6 Kf5 41. Kb7 Re8 42. Kxa7 Re4 43. Kxb6 Rxc4 44. Ra3 Ke4 45. Ra5 Kd5 46. Ra3
Ke4 47. Ra5 Rxc3 48. Rxc5 Rb3+ 49. Rb5 Rd3 50. Rc5 Kd4 51. Kc6 Ke4 52. Rc4+ Ke5
53. Kb6 Rb3+ 54. Ka6 Kd6 55. Ka5 Kd5 56. Rc8 Re3 57. Ka4 Kd4 58. Kb5 Ke5 59.
Ka4 Kd5 60. Ka5 Kd6 61. Ka4 Re4+ 62. Ka5 Re1 63. Rb8 Kc5 64. Ka4 Rc1 65. Rc8+
Kd4 66. Rxc1 1-0

[Event "DVM U10 2015"]
[Site "Magdeburg GER"]
[Date "2015.12.28"]
[Round "5"]
[White "Wähler, Joris"]
[Black "Weber, Willi"]
[Result "0-1"]
[Termination "normal"]
[Board "15.3"]
[WhiteElo "913"]
[BlackElo "905"]
[WhiteTeam "USV Volksbank Halle"]
[BlackTeam "Schachzwerge Magdeburg 2"]
[PlyCount "110"]
[WhiteFideId "16299388"]
[EventCountry "GER"]
[EventRounds "7"]
[EventType "team-swiss"]
[EventDate "2015.12.27"]

1. e4 e5 2. Nf3 Nc6 3. Bc4 Nf6 4. Ng5 d5 5. exd5 Nxd5 6. Nxf7 Kxf7 7. Qf3+ Ke8
8. Nc3 Be6 9. Nxd5 Nd4 10. Qh5+ g6 11. Qxe5 Nxc2+ 12. Kd1 Nxa1 13. Qxe6+ Qe7
14. Nf6+ Kd8 15. Qd5+ Qd6 16. Qxd6+ Bxd6 17. b3 Be5 18. Re1 Bxf6 19. Re2 Re8
20. Rxe8+ Kxe8 21. d3 c6 22. Bg8 h5 23. h4 Rd8 24. Kd2 Kf8 25. Be6 Bxh4 26. g3
Bg5+ 27. Kd1 Bxc1 28. Kxc1 Rxd3 29. Kb2 Rd2+ 30. Kxa1 Rxf2 31. a3 Rg2 32. Bc8
Rxg3 33. Bxb7 Rxb3 34. Bxc6 Rxa3+ 35. Kb2 Re3 36. Bd5 g5 37. Kc1 g4 38. Kd2 Ra3
39. Ke2 h4 40. Kf1 g3 41. Kg1 h3 42. Kh1 g2+ 43. Kh2 Ra1 44. Bxg2 hxg2 45. Kxg2
a5 46. Kf2 Rb1 47. Ke2 a4 48. Kd2 a3 49. Kc2 Rb8 50. Kc3 a2 51. Kd2 a1=Q 52.
Kd3 Qa4 53. Kd2 Rb3 54. Kc2 Qa2+ 55. Kc1 Rb1# 0-1

[Event "DVM U10 2015"]
[Site "Magdeburg GER"]
[Date "2015.12.28"]
[Round "5"]
[White "Currenti, Gianluca"]
[Black "Gärtner, Uta"]
[Result "1-0"]
[Termination "normal"]
[Board "15.4"]
[WhiteElo "819"]
[BlackElo "753"]
[WhiteTeam "Schachzwerge Magdeburg 2"]
[BlackTeam "USV Volksbank Halle"]
[PlyCount "43"]
[EventCountry "GER"]
[EventRounds "7"]
[EventType "team-swiss"]
[EventDate "2015.12.27"]

1. e4 e5 2. Nf3 Nc6 3. Bc4 Nf6 4. Ng5 Rg8 5. Bxf7+ Ke7 6. Bxg8 h6 7. Nf3 Ke8 8.
Bc4 Nxe4 9. Nc3 Nd6 10. d3 Qe7 11. Be3 Kd8 12. O-O g6 13. Re1 e4 14. Bc5 Bg7
15. Nxe4 Bxb2 16. Rb1 Bg7 17. Nxd6 cxd6 18. Rxe7 Kxe7 19. Qe1+ Kd8 20. Bxd6 Bf6
21. Bf7 g5 22. Qe8# 1-0

[Event "DVM U10 2015"]
[Site "Magdeburg GER"]
[Date "2015.12.28"]
[Round "5"]
[White "Mainka, Alwin"]
[Black "Zores, Kai"]
[Result "1-0"]
[Termination "normal"]
[Board "16.1"]
[WhiteElo "1003"]
[BlackElo "1053"]
[WhiteTeam "DJK Arminia Eilendorf 1919"]
[BlackTeam "Hamburger SK von 1830 3"]
[PlyCount "58"]
[WhiteFideId "16241177"]
[EventCountry "GER"]
[EventRounds "7"]
[EventType "team-swiss"]
[EventDate "2015.12.27"]

1. e4 e5 2. Nf3 Nc6 3. Bc4 Bc5 4. O-O d6 5. h3 Be6 6. Bb5 h6 7. c3 a6 8. Bxc6+
bxc6 9. d4 exd4 10. cxd4 Bb6 11. Be3 Nf6 12. Nc3 d5 13. e5 Ne4 14. Qc2 Bf5 15.
Nxe4 Bxe4 16. Qxc6+ Kf8 17. Nd2 Bd3 18. Rfd1 Bb5 19. Qc3 Ba7 20. Nb3 c6 21. Re1
Bb8 22. Bf4 f6 23. Nc5 Qe7 24. exf6 Qxf6 25. Nd7+ Kf7 26. Nxf6 Kxf6 27. Qg3 Kf7
28. Bxb8 Raxb8 29. Re7+ Kf8 1-0

[Event "DVM U10 2015"]
[Site "Magdeburg GER"]
[Date "2015.12.28"]
[Round "5"]
[White "Freitag, Gerrit"]
[Black "Korr, Sören"]
[Result "1-0"]
[Termination "normal"]
[Board "16.2"]
[WhiteElo "898"]
[BlackElo "887"]
[WhiteTeam "Hamburger SK von 1830 3"]
[BlackTeam "DJK Arminia Eilendorf 1919"]
[PlyCount "83"]
[WhiteFideId "34650148"]
[BlackFideId "16275241"]
[EventCountry "GER"]
[EventRounds "7"]
[EventType "team-swiss"]
[EventDate "2015.12.27"]

1. e4 e5 2. Nf3 Nc6 3. Bc4 Bc5 4. c3 Nf6 5. d4 exd4 6. cxd4 Bb4+ 7. Bd2 Bxd2+
8. Nbxd2 O-O 9. O-O Re8 10. Re1 d6 11. e5 dxe5 12. dxe5 Ng4 13. Qb3 Rf8 14. h3
Nh6 15. e6 Bxe6 16. Bxe6 fxe6 17. Rxe6 Nf7 18. Ne4 h6 19. Rd1 Qc8 20. Ne5 Nfxe5
21. Re8+ Qe6 22. Qxe6+ Kh8 23. Rxa8 Rxa8 24. f4 Rd8 25. Rxd8+ Nxd8 26. Qe8+ Kh7
27. Qxd8 Nc4 28. Qxc7 Nxb2 29. Qxb7 Nd3 30. Qxa7 Nxf4 31. a4 Ne2+ 32. Kh2 Nf4
33. h4 Kg6 34. g4 Ne2 35. Qb6+ Kf7 36. Qf2+ Kg8 37. Qxe2 Kh8 38. a5 Kh7 39. a6
Kg6 40. a7 Kf7 41. a8=Q Kg6 42. Nd2 1-0

[Event "DVM U10 2015"]
[Site "Magdeburg GER"]
[Date "2015.12.28"]
[Round "5"]
[White "Danielsen, Asger"]
[Black "Bungarten, Jona"]
[Result "0-1"]
[Termination "normal"]
[Board "17.1"]
[WhiteElo "875"]
[BlackElo "1148"]
[WhiteTeam "SchachAkademiePaderborn 2"]
[BlackTeam "SF Brackel 1930"]
[PlyCount "45"]
[BlackFideId "16223608"]
[EventCountry "GER"]
[EventRounds "7"]
[EventType "team-swiss"]
[EventDate "2015.12.27"]

1. d4 d5 2. Nf3 Nf6 3. Bf4 c5 4. c3 Nc6 5. e3 e6 6. Bb5 a6 7. Bxc6+ bxc6 8. Qa4
Bb7 9. dxc5 Bxc5 10. Ne5 O-O 11. Nd2 Qb6 12. Rb1 Rad8 13. Nb3 Ne4 14. Rd1 f6
15. Nd3 Bd6 16. Bxd6 Rxd6 17. f3 Qxe3+ 18. Kf1 Ng5 19. Qb4 Rd7 20. Nbc5 Rc7 21.
Nxb7 Rb8 22. Qd6 Rcxb7 23. Qxc6 {nicht weiter nachvollziehbar} 0-1

[Event "DVM U10 2015"]
[Site "Magdeburg GER"]
[Date "2015.12.28"]
[Round "5"]
[White "Zabudkin, David"]
[Black "Nourzad, Shayan"]
[Result "0-1"]
[Termination "normal"]
[Board "17.2"]
[WhiteElo "947"]
[BlackElo "929"]
[WhiteTeam "SF Brackel 1930"]
[BlackTeam "SchachAkademiePaderborn 2"]
[PlyCount "30"]
[WhiteFideId "34605975"]
[BlackFideId "16274890"]
[EventCountry "GER"]
[EventRounds "7"]
[EventType "team-swiss"]
[EventDate "2015.12.27"]

1. e4 e6 2. Nf3 d5 3. exd5 exd5 4. Qe2+ Be7 5. Qe3 Nc6 6. Bb5 Bd7 7. Nc3 Nf6 8.
O-O O-O 9. Ne5 Nxe5 10. Bxd7 Nexd7 11. Re1 Re8 12. Qg3 Bd6 13. Rxe8+ Qxe8 14.
f4 Nh5 15. Qg4 Qe1# 0-1

[Event "DVM U10 2015"]
[Site "Magdeburg GER"]
[Date "2015.12.28"]
[Round "5"]
[White "Tomasini, Marius"]
[Black "Stockmann, Till"]
[Result "0-1"]
[Termination "normal"]
[Board "18.1"]
[WhiteElo "836"]
[BlackElo "1482"]
[WhiteTeam "SG Blau-Weiß Stadtilm 2"]
[BlackTeam "VfL Gräfenhainichen"]
[PlyCount "50"]
[BlackFideId "12979341"]
[EventCountry "GER"]
[EventRounds "7"]
[EventType "team-swiss"]
[EventDate "2015.12.27"]

1. e4 e5 2. Nf3 Nc6 3. Nc3 Nf6 4. Bc4 Nxe4 5. Nxe4 d5 6. Bd3 dxe4 7. Bxe4 Bd6
8. O-O O-O 9. d3 Bg4 10. h3 Bh5 11. Qd2 Qf6 12. Ng5 Bg6 13. Bxg6 Qxg6 14. Ne4
Nd4 15. Qe3 Nxc2 16. Qd2 Nxa1 17. b3 f5 18. Nxd6 cxd6 19. Bb2 Nxb3 20. axb3 f4
21. f3 Rac8 22. d4 e4 23. fxe4 Qxe4 24. Re1 Qg6 25. Kh2 Rc2 0-1

[Event "DVM U10 2015"]
[Site "Magdeburg GER"]
[Date "2015.12.28"]
[Round "5"]
[White "Grunemann, Jonas"]
[Black "Kirsch, Martin"]
[Result "1-0"]
[Termination "normal"]
[Board "18.2"]
[WhiteElo "970"]
[BlackElo "816"]
[WhiteTeam "VfL Gräfenhainichen"]
[BlackTeam "SG Blau-Weiß Stadtilm 2"]
[PlyCount "41"]
[WhiteFideId "16255577"]
[BlackFideId "2925630"]
[EventCountry "GER"]
[EventRounds "7"]
[EventType "team-swiss"]
[EventDate "2015.12.27"]

1. e4 e5 2. Nf3 Nc6 3. Nc3 Bb4 4. Bb5 a6 5. Ba4 Nf6 6. O-O d6 7. d3 h6 8. Nd5
Be6 9. Nxb4 b5 10. Nxc6 Qd7 11. Bb3 Qxc6 12. Bxe6 fxe6 13. Be3 d5 14. d4 dxe4
15. Nxe5 Qd6 16. Bf4 g5 17. Ng6 Qd7 18. Nxh8 Qg7 19. Bxc7 Qxc7 20. Ng6 h5 21.
Ne5 1-0

[Event "DVM U10 2015"]
[Site "Magdeburg GER"]
[Date "2015.12.28"]
[Round "5"]
[White "Staude, Quentin"]
[Black "Mischke, Richard"]
[Result "1-0"]
[Termination "normal"]
[Board "18.3"]
[WhiteElo "903"]
[BlackElo "916"]
[WhiteTeam "SG Blau-Weiß Stadtilm 2"]
[BlackTeam "VfL Gräfenhainichen"]
[PlyCount "49"]
[BlackFideId "16255585"]
[EventCountry "GER"]
[EventRounds "7"]
[EventType "team-swiss"]
[EventDate "2015.12.27"]

1. e4 e5 2. Nf3 Nc6 3. Bc4 Bc5 4. Nc3 Nf6 5. h3 d6 6. d3 O-O 7. Bg5 h6 8. Bxf6
Qxf6 9. Nd5 Qg6 10. g4 Qe6 11. Nxc7 Qe7 12. Nxa8 Be6 13. Bxe6 fxe6 14. Qe2 Rxa8
15. O-O-O a5 16. h4 a4 17. Rdg1 Kf8 18. g5 h5 19. g6 Ke8 20. Ng5 Kd7 21. Qxh5
Qd8 22. Qh7 Qh8 23. h5 Ne7 24. Nf7 Qg8 25. Nxe5+ 1-0

[Event "DVM U10 2015"]
[Site "Magdeburg GER"]
[Date "2015.12.28"]
[Round "5"]
[White "Siol, Mats Lennart"]
[Black "Kraft, Adrian"]
[Result "0-1"]
[Termination "normal"]
[Board "19.1"]
[WhiteElo "1178"]
[BlackElo "1052"]
[WhiteTeam "SK Blauer Springer Paderborn 1926"]
[BlackTeam "SC Borussia 1920 Friedrichsfelde"]
[PlyCount "66"]
[WhiteFideId "16229240"]
[BlackFideId "16235010"]
[EventCountry "GER"]
[EventRounds "7"]
[EventType "team-swiss"]
[EventDate "2015.12.27"]

1. d4 d5 2. Nf3 Nf6 3. e3 e6 4. Bd3 Bd6 5. b3 Nbd7 6. Bb2 O-O 7. Nbd2 b6 8. O-O
c5 9. Ne5 Bb7 10. Qf3 Bxe5 11. dxe5 Ne8 12. Qh5 g6 13. Qh6 Ng7 14. f4 Nf5 15.
Bxf5 exf5 16. Rf3 Re8 17. Rh3 Nf8 18. e6 Nxe6 19. Qxh7+ Kf8 20. Rh6 Ke7 21.
Rxg6 Nf8 22. Qh4+ Kd7 23. Bf6 Nxg6 24. Bxd8 Nxh4 25. Bxh4 Rxe3 26. Kf2 Rae8 27.
Nf1 Re2+ 28. Kf3 d4+ 29. Kg3 Rg8+ 30. Bg5 Rxg2+ 31. Kh3 Rh8+ 32. Bh4 Rg4 33.
Ng3 Rgxh4# 0-1

[Event "DVM U10 2015"]
[Site "Magdeburg GER"]
[Date "2015.12.28"]
[Round "5"]
[White "Klühs, Isabel"]
[Black "Schmidtmann, Kimberly"]
[Result "1/2-1/2"]
[Termination "normal"]
[Board "19.2"]
[WhiteElo "886"]
[BlackElo "1334"]
[WhiteTeam "SC Borussia 1920 Friedrichsfelde"]
[BlackTeam "SK Blauer Springer Paderborn 1926"]
[PlyCount "101"]
[WhiteFideId "16228944"]
[BlackFideId "12967106"]
[EventCountry "GER"]
[EventRounds "7"]
[EventType "team-swiss"]
[EventDate "2015.12.27"]

1. d4 d5 2. Nf3 Nc6 3. c3 Bf5 4. a3 Nf6 5. c4 e6 6. e3 Bg4 7. Be2 Bxf3 8. Bxf3
e5 9. Be2 Qd7 10. O-O O-O-O 11. b4 Bd6 12. b5 Na5 13. c5 Be7 14. b6 Nc6 15. Bb5
Kb8 16. Bxc6 Qxc6 17. bxa7+ Kxa7 18. a4 exd4 19. exd4 Kb8 20. a5 h5 21. Qd3 Qa6
22. Qxa6 bxa6 23. Bf4 Ne4 24. Ra2 g5 25. Rb2+ Ka7 26. Bxc7 Rd7 27. Be5 f6 28.
c6 Rdd8 29. Rb7+ Ka8 30. c7 Kxb7 31. cxd8=Q Rxd8 32. Bg3 h4 33. Bxh4 gxh4 34.
g3 hxg3 35. hxg3 Rg8 36. Kg2 Kc6 37. Rc1+ Kb5 38. Nc3+ Nxc3 39. Rxc3 Kxa5 40.
f4 Kb4 41. Rc1 Kb5 42. Kf3 a5 43. g4 a4 44. f5 a3 45. Rg1 a2 46. Ra1 Kc4 47.
Ke3 Rxg4 48. Rxa2 Rxd4 49. Rc2+ Kb3 50. Kxd4 Kxc2 51. Kxd5 1/2-1/2